000 00498nam a2200145 i 4500
001 71058
003 ES-MaACL
005 20230906171015.0
007 t|
008 040805s1904 sp ||||1| spa d
100 1 _aGaspar Remiro, Mariano.
_955885
245 1 0 _aCorbobeses musulmanes en Alejandría y Creta
_b: extracto del homenaje a Francisco Codera en su jubilación del profesorado /
_cMariano Gaspar Remiro.
260 _a[Zaragoza :
_bs.n.,
_c1904 (
_fM. Escar)
852 _aES-MaACL
_jT-1158-F-7
999 _c71058
_d71058